Sex education / (Record no. 157537)

MARC details
000 -LEADER
fixed length control field 00589nam a22002057a 4500
003 - CONTROL NUMBER IDENTIFIER
control field dpl
005 - DATE AND TIME OF LATEST TRANSACTION
control field 20190123145823.0
008 - FIXED-LENGTH DATA ELEMENTS--GENERAL INFORMATION
fixed length control field 180918b ||||| |||| 00| 0 eng d
010 ## - LIBRARY OF CONGRESS CONTROL NUMBER
LC control number B-219457
020 ## - INTERNATIONAL STANDARD BOOK NUMBER
International Standard Book Number 8183820646
Terms of availability 95.00
035 ## - SYSTEM CONTROL NUMBER
System control number B-219457, B-219474
040 ## - CATALOGING SOURCE
Original cataloging agency DPL
Language of cataloging EN
Transcribing agency 0
082 ## - DEWEY DECIMAL CLASSIFICATION NUMBER
Classification number 613.907
Item number SHA
100 ## - MAIN ENTRY--PERSONAL NAME
Personal name Sharma, Rajeev
245 ## - TITLE STATEMENT
Title Sex education /
Statement of responsibility, etc by Rajeev Sharma
260 ## - PUBLICATION, DISTRIBUTION, ETC. (IMPRINT)
Place of publication, distribution, etc New Delhi
Name of publisher, distributor, etc Lotus press
Date of publication, distribution, etc 2006
270 ## - ADDRESS
Address 4263/3, Ansari road , darya ganj
City New Delhi
Postal code 110002
300 ## - PHYSICAL DESCRIPTION
Extent 165p.:
Dimensions 20cm
942 ## - ADDED ENTRY ELEMENTS (KOHA)
Source of classification or shelving scheme Dewey Decimal Classification
Koha item type English Books
Classification part 613.907
Call number suffix SHA
Holdings
Withdrawn status Lost status Source of classification or shelving scheme Damaged status Not for loan Collection code Home library Current library Date acquired Source of acquisition Cost, normal purchase price Total Checkouts Full call number Barcode Date last seen Cost, replacement price Price effective from Koha item type Copy number
    Dewey Decimal Classification     Non-fiction Patel Nagar Patel Nagar 18/09/2018 BPPD/PUB 95.00   613.907 SHA B-219457 18/09/2018 95.00 18/09/2018 English Books  
    Dewey Decimal Classification     Non-fiction Sarojini Nagar Sarojini Nagar 07/03/2019       613.907 SHA B-219458 07/03/2019   07/03/2019 English Books  
    Dewey Decimal Classification     Non-fiction Vigyan Vihar Vigyan Vihar 23/01/2019 BPPD/PUB 95.00   613.907 SHA B-219474 23/01/2019 95.00 23/01/2019 English Books  
    Dewey Decimal Classification     Non-fiction Yojana Vihar Yojana Vihar 11/07/2019 BPPD/PUB 95.00   613.907 SHA B-219473 11/07/2019 95.00 11/07/2019 English Books 1

© Delhi Public Library
Hit Counter
free hit counter